| 000 | 01152cam a2200313 a 4500 | ||
|---|---|---|---|
| 001 | 2541019 | ||
| 003 | EG-ScBUE | ||
| 005 | 20221109025847.0 | ||
| 008 | 940413t1995 nyua f e 001 0 eng d | ||
| 020 | _a0070480109 | ||
| 020 | _a9780070480100 | ||
| 040 |
_aDLC _beng _erda _cDLC _dDLC _dEG-ScBUE |
||
| 043 | _an-us--- | ||
| 082 | 0 | 4 |
_a720.973 _222 _bPAC |
| 100 | 1 |
_aPackard, Robert T., _eauthor. _97409 |
|
| 245 | 1 | 0 |
_aEncyclopedia of American architecture / _cRobert T. Packard, AIA ; Balthazar Korab, illustration editor. |
| 250 | _aSecond edition. | ||
| 264 | 1 |
_aNew York : _bMcGraw-Hill, _c[1995] |
|
| 264 | 4 | _cc1995 | |
| 300 |
_axi, 724 pages : _bcolor illustrations ; _c29 cm |
||
| 500 | _aRev. ed. of: Encyclopedia of American architecture / William Dudley Hunt, Jr. c1980. | ||
| 500 | _aIncludes index. | ||
| 650 | 7 |
_aArchitecture _zUnited States _vEncyclopedias. _2BUEsh _97410 |
|
| 653 | _bENGARC | ||
| 655 |
_vReading book _934232 |
||
| 700 | 1 |
_aKorab, Balthazar, _eauthor. _97411 |
|
| 942 |
_2ddc _cREFERENCE |
||
| 999 |
_c12164 _d12164 |
||